书目信息 |
| 题名: |
中途岛海战
|
|
| 作者: | 渊田美津雄 , 奥宫正武合 著 ;许秋明 , 王绍坊 译 | |
| 分册: | ||
| 出版信息: | 北京 商务印书馆 1979.05 |
|
| 页数: | 282页 | |
| 开本: | 19cm | |
| 丛书名: | ||
| 单 册: | ||
| 中图分类: | K313.46 | |
| 科图分类: | ||
| 主题词: | 东亚--历史 | |
| 电子资源: | ||
| ISBN: | ||
| 000 | 00726nam0 2200241 45 | |
| 001 | 0303130887 | |
| 005 | 20040303121703.9 | |
| 010 | @dCNY0.70 | |
| 091 | @a3017.236 | |
| 100 | @a20030313d1979 km y0chiy0120 ea | |
| 101 | 0 | @achi |
| 105 | @a z 000yy | |
| 200 | 1 | @a中途岛海战@AZhong Tu Dao Hai Zhan@f(日本)渊田美津雄,奥宫正武合著@F(Ri Ben)Yuan Tian Mei Jin Xiong,Ao Gong Zheng Wu He Zhu@g许秋明译@g王绍坊校 |
| 210 | @a北京@c商务印书馆@d1979.05 | |
| 215 | @a282页@d19cm | |
| 606 | 0 | @a东亚@x历史 |
| 690 | @aK313.46 | |
| 701 | 0 | @a渊田美津雄@4著 |
| 701 | 0 | @a奥宫正武合@4著 |
| 702 | 0 | @a许秋明@AXu Qiu Ming@4译 |
| 702 | 0 | @a王绍坊@AWang Shao Fang@4校 |
| 801 | @aCN@bTSTC@c20031024 | |
| 905 | @dK313.46@e3@f1@b20682 | |
| 中途岛海战/(日本)渊田美津雄,奥宫正武合著/许秋明译/王绍坊校.-北京:商务印书馆,1979.05 |
| 282页;19cm |
| ISBN :CNY0.70 |
| ● |
| 相关链接 |
|
|
|
|
正题名:中途岛海战
索取号:K313.46/3
 
预约/预借
| 序号 | 登录号 | 条形码 | 馆藏地/架位号 | 状态 | 备注 |
| 1 | 0020682 | 001902524 | 密集书库/ [索取号:K313.46/3] | 在馆 |